Animaniacs Presidents - Statistics

General Stats
  • This quiz has been taken 45 times
  • The average score is 29 of 41
Answer Stats
Lyric % Correct
{George Washington} was the first, you see
100%
{John Adams} and then number three
100%
{Tom Jefferson} stayed up to write
94%
The {Clintons, Bill} and Hillary
84%
Up to bat comes old {Abe Lincoln}
84%
{James Madison} never had a son
81%
And {Ronald Reagan}'s speeches' scripts
77%
{Ulysses Simpson Grant}, who would
77%
And it's {Andrew Jackson}' butt he kicks
74%
And {President Bush} said "read my lips
74%
{Franklin Roosevelt}, president who
74%
{Harry Truman}, weird little human
74%
In 1913, {Woodrow Wilson}...
74%
{John Quincy Adams} was number six
74%
{Richard Nixon}, he gets caught
74%
And {Gerald Ford} fell down a lot
71%
Four long years with {James Buchanan}
71%
It's {Eisenhower} who's got the power
71%
It's {Herbert Hoover}'s big debut
71%
{John Kennedy} had Camelot
71%
Young and fierce was {Franklin Pierce}
71%
And after him came {President Polk}
68%
{Andrew Johnson}'s next, he
68%
But they're all amazed when {Rutherford Hayes}
68%
It's {William McKinley} up to bat
68%
{James Monroe}'s colossal nose
68%
{Jimmy Carter} liked camping trips
68%
{Teddy Roosevelt} charged up San Juan Hill
68%
Then {Lyndon Johnson} took his spot
68%
{William Harrison}, how do you praise?
68%
{Zachary Taylor} liked to smoke
68%
And {President Taft} he got the bill
65%
It's {Calvin Coolidge}, he does fine
65%
{James Garfield}, someone really hated
65%
{Millard Fillmore}'s in
65%
{Warren Harding}, next in line
65%
For {Grover Cleveland}, really fat
61%
{John Tyler} he liked country folk
61%
{Martin Van Buren}, number eight
61%
{Chester Arthur} gets instated
58%
Then {Benjamin Harrison}, after that
58%
No matching quizzes found
Score Distribution
Percent of People with Each Score
Percentile by Number Answered
Your Score History
You have not taken this quiz